000 00295nam a22001337a 4500
082 _a425
_bSCB/C
100 _aSUBRAMANIAN,A.E
245 _aCHANNEL 2
_bENGLISH FOR TODAY
250 _aFIRST
260 _aINDIA
_bORIENT LONGMAN
_c1991
300 _a65
650 _aVOCABULARY
_zINDIA
942 _cBK
999 _c3916
_d3916